Indies, hipsters y gafapastas : crónica de una dominación cultural /

La subcultura de los hipsters defiende valores del capitalismo como la independencia, la creatividad y la innovación bajo una imagen de rebeldía, que combinada con su espíritu individualista y sus poses de élite intelectual, la tribu se identifica como una raza especial y superior. En esta obra se r...

Descripción completa

Guardado en:
Detalles Bibliográficos
Autor principal: Lenore, Víctor (autor)
Formato: Libro
Idioma:Español
Publicado: Madrid, España : Capitán Swing, 2014, c2014
Edición:2a edición
Colección:(Entrelíneas)
Temas:
Etiquetas: Agrega una etiqueta
Sin etiquetas, Sé el primero en etiquetar este registro!

MARC

LEADER 00000nam^a2200000^a^4500
001 000389220
005 20250521000000.0
009 20260310121114.272
020 |a 978-84-942879-4-7 
037 |a Acervo ITESO - Biblioteca 
041 |a ESP 
082 |a 306. 1  |b LEN 
100 |a Lenore, Víctor  |e (autor) 
245 1 0 |a Indies, hipsters y gafapastas :  |b crónica de una dominación cultural /  |c V. Lenore ; presen. de Nacho Venegas. 
250 |a 2a edición 
264 4 |a Madrid, España :  |b Capitán Swing,  |c 2014, c2014 
300 |a 155 p. 
336 |a texto  |b txt  |2 rdacontenido 
337 |a sin mediación  |b n  |2 rdamedio 
338 |a volumen  |b nc  |2 rdasoporte 
440 1 |a (Entrelíneas) 
520 |a La subcultura de los hipsters defiende valores del capitalismo como la independencia, la creatividad y la innovación bajo una imagen de rebeldía, que combinada con su espíritu individualista y sus poses de élite intelectual, la tribu se identifica como una raza especial y superior. En esta obra se realiza un análisis de su identidad y prácticas culturales. 
521 |a EEnlace Departamento de Psicología, Educación y Salud 2016 
649 |a XX 
650 |a Jóvenes 
650 |a Hipsters -  |x Tema Principal 
650 |a Minorías 
650 |a Elites 
650 |a Contracultura -  |x Tema Principal 
650 |a Identidad Cultural 
650 |a Prácticas Culturales 
650 |a Cultura Urbana -  |x Tema Principal 
650 |a Cultura 
650 |a Antropología Cultural 
910 |a Fondo General 
920 |a Impresos - Libros 
930 |a Colección General 
905 |a 101 
901 |a 0500283857  |b IT1  |c ACC  |i C153202  |u 20250521 
901 |a 0500326507  |b IT1  |c ACC  |i C149337  |u 20250521 
902 |a https://opac.biblio.iteso.mx/vufind/Record/000389220